Can national standards make a difference? (Record no. 63596)

MARC details
000 -CABECERA
campo de control de longitud fija 00583nam a2200217 a 4500
005 - FECHA Y HORA DE LA ÚLTIMA TRANSACCIÓN
campo de control 20210219152915.0
008 - ELEMENTOS DE LONGITUD FIJA--INFORMACIÓN GENERAL
campo de control de longitud fija 991125n 000 0 eng u
035 ## - NÚMERO DE CONTROL DEL SISTEMA
Número de control de sistema UPN01000066643
100 ## - ASIENTO PRINCIPAL--NOMBRE PERSONAL
Nombre de persona O'Neil, John
222 ## - TÍTULO CLAVE
Título clave EDUCATIONAL LEADERSHIP
245 ## - MENCIÓN DE TÍTULO
Título Can national standards make a difference?
300 ## - DESCRIPCIÓN FÍSICA
Extensión 4-8
362 ## - FECHAS DE PUBLICACIÓN Y/O DESIGNACIÓN SECUENCIAL
Fecha de publicación y/o designación secuencial 1992 50, No. 5
505 ## - NOTA DE CONTENIDO CON FORMATO PREESTABLECIDO
Nota de contenido con formato Junio 1993
653 0# - TERMINO DE INDIZACION - NO CONTROLADO
Término no controlado DESARROLLO CURRICULAR
653 0# - TERMINO DE INDIZACION - NO CONTROLADO
Término no controlado EDUCACION EQUITATIVA
653 0# - TERMINO DE INDIZACION - NO CONTROLADO
Término no controlado LEGISLACION FEDERAL
653 0# - TERMINO DE INDIZACION - NO CONTROLADO
Término no controlado PRUEBAS DE COMPETENCIA NACIONAL
904 ## - ELEMENTOS DE DATOS D LOCAL, LDD (RLIN)
a AC
b 004454
905 ## - TIPO DE MATERIAL
Tipo de material Articulo

No items available.